| 000 | 00435cam a22001337a 4500 | ||
|---|---|---|---|
| 008 | 180718b1960 xxu||||| |||| 00| 0 eng d | ||
| 082 | _aF51x47 C737/60 | ||
| 245 | _aHistory of the communist Party of the Soviet Union | ||
| 260 |
_aMoscow _bForeign Languages Pub. Hosue _c1960 |
||
| 300 | _a766p. | ||
| 500 | _aRs.3.19 | ||
| 650 | _aKommunisticheskaia partiia Sovetskogo Soiuza --History | ||
| 700 | _aCommunist Party of the Soviet Union | ||
| 999 |
_c362650 _d362650 |
||